00648 2200241 4500001002100000005001500021035002000036007000300056008004100059020002200100082001100122084001700133100002100150245006600171250001700237260002600254300004000280650001400320650002300334700002000357505001200377990001700389INLIS00000000000999220260511103718 a0010-0526000027ta260511 g 0 ind  a978-979-044-415-7 a616.61 a616.61 LAR h0 aLarry Jameson J.1 aHarrison Nefrologi dan Gangguan Asam-Basa /cJ. Larry Jameson a1, Cet. Ke-1 aJakarta :bEGC,c2013 ax, 288 hlm :bilus. ;c21 x 29,5 cm 4aNefrologi 4aGangguan Asam-Basa0 aJoseph Loscalzo ahlm.288 a202500223291